000 01748cam a22004694i 4500
003 PE-LiUPU
005 20250731173551.0
008 150616s1982 inua r 000 0 eng d
020 _a0931464161
035 _a(Sirsi) i9780931464164
040 _aPE-LiUPU
_bspa
_cPE-LiUPU
_erda
049 _aPRUA
082 0 4 _a221.066063
_bS76
_221
245 0 0 _aStudies in the Period of David and Solomon and Other Essays /
_cEditado por Tornoo Ishida.
264 1 _aWinona Lake, Indiana :
_bEisenbrauns,
_c1982.
300 _a409 páginas :
_bilustraciones ;
_c24 centímetros
336 _atext
_2rdacontent
337 _aunmediated
_2rdamedia
338 _avolume
_2rdacarrier
505 0 _aPart I: Studies in the period of David and Solomom -- Part II: Biblical studies and the ancient near east -- Indexes.
526 _aSEG42
526 _aSEG41
526 _aSEG40
526 _aSEG39
526 _aP94
526 _aP87
526 _aP86
526 _aP85
526 _aP77
526 _aP76
526 _aP35
630 _aBiblia.
_pA.T.
_xCrítica, interpretación, etc.
_vCongresos.
650 0 4 _aJudíos
_xHistoria
_yc. 1200-953 a.C.
_vCongresos.
700 1 _aIshida, Tomoo,
_eeditor.
910 _ajck
_bjvq
_cjck
942 _2ddc
_cBOOK
949 _a221.066063 S76
_wDEWEY
_c1
_i43146
_d2016-11-23
_e2016-11-20
_lCCODEBUL1
_mBUL
_n1
_r0
_sY
_tBOOK
_u2015-6-16
_xTEOLOGIA
_zUNKNOWN
_0COMPRA
_o.STAFF. Colección General
994 _aC0
_bPEPRU
596 _a1
999 _a221.066063 S76
_wDEWEY
_c61104
_i43146
_d61104
_e2016-11-20
_f2021-11-9
_g5
_lCCODEBUL1
_mBUL
_n1
_p64.50
_q3
_r0
_sY
_tBOOK
_u2015-6-16
_xTEOLOGIA
_PP35
_0COMPRA
_o.STAFF. Colección Teología
980 _81
_gALBERTO SANCHEZ Responsable de Automatización